Avatar de A à Z - Statistiques

Statistiques générales
  • Ce quiz a été pris 736 fois
    735 depuis la dernière actualisation
  • Le résultat moyen est 13 sur 23
Statistiques - réponses
Indice Réponse % Correct
L Le Na'vi est la _____ que parle les Na'vis Langue
87%
P Planète sur laquelle vivent les Na'vis. Pandora
85%
R James Cameron est le _________ du film. Réalisateur
85%
V Avatar: La ____ de l'eau. Voie
85%
E Divinité des Na'vis. Eywa
82%
D Les Na'vis en possèdent quatre. Doigts
80%
Q Les Na'vis en possèdent une mais les humains n'en possèdent pas. Queue
76%
S Enfant humain qui se considère comme un Na'vi. Spider
71%
K Fille adoptive de Jake Sully. Kiri
69%
H Jake Sully est _________ des jambes. Handicapé
66%
C Grade militaire de Miles Quaritch. Colonel
63%
T Se dit de quelqu'un qui a réussi a dompté le Grand Leonopteryx. Toruk Makto
62%
G Scientifique et docteure qui possède un Avatar. Grace Augustine
60%
Z Actrice qui joue Neytiri. Zoe Saldana
55%
O Clan de Jake Sully dans le premier film. Omaticaya
43%
N Ami scientifique de Jake Sully. Norm Spellman
40%
W Parc d'amusement connu qui possède des manèges provenant d'Avatar. Walt Disney World
37%
F Jeu vidéo inspiré de ce film: Avatar: _________ de Pandora Frontières
35%
M Mère de Neytiri. Moat
35%
J Compositeur des musiques du film. James Horner
30%
B Animal volant qu'on utilise pour se chasser et se déplacer. Banshee
27%
I Animal marin qu'on utilise pour se déplacer dans l'eau. Ilu
27%
A Arbre sacré. Arbre de vie.
5%
Aucun quiz correspondant
Distribution des résultats
% des personnes avec chaque résultat
Percentile par nombre de réponses
Votre historique - résultats
Vous n’avez pas pris ce quiz depuis la dernière actualisation